Los símbolos de la lógica matemática / (Record no. 63658)

MARC details
000 -LEADER
campo de control de longitud fija 00708nam a2200217 i 4500
001 - NÚMERO DE CONTROL
campo de control 63658
003 - IDENTIFICADOR DE NÚMERO DE CONTROL
campo de control ES-MaACL
005 - FECHA Y HORA DE LA ÚLTIMA TRANSACCIÓN
campo de control 20230906164933.0
007 - CAMPO FIJO DE DESCRIPCIÓN FÍSICA--INFORMACIÓN GENERAL
campo de control de longitud fija t|
008 - DATOS DE LONGITUD FIJA--INFORMACIÓN GENERAL
campo de control de longitud fija 031215s1980 sp ||||1| spa d
100 1# - ENTRADA PRINCIPAL--NOMBRE DE PERSONA
Nombre de persona Feys, Robert.
9 (RLIN) 50662
245 14 - MENCIÓN DEL TÍTULO
Título Los símbolos de la lógica matemática /
Mención de responsabilidad, etc. Robert Feys y Frederic B. Fitch ; [traducido por Guillermo Rosique Puerta].
260 ## - PUBLICACIÓN, DISTRIBUCIÓN, ETC.
Lugar de publicación, distribución, etc. Madrid :
Nombre del editor, distribuidor, etc. Paraninfo,
Fecha de publicación, distribución, etc. 1980.
300 ## - DESCRIPCIÓN FÍSICA
Extensión 189 p. ;
Dimensiones 22 cm.
490 1# - MENCIÓN DE SERIE
Mención de serie Lógica y teoría de la ciencia
700 1# - ENTRADA AGREGADA--NOMBRE PERSONAL
Nombre de persona Fitch, Frederic.
9 (RLIN) 51055
700 1# - ENTRADA AGREGADA--NOMBRE PERSONAL
Nombre de persona Rosique Puerta, Guillermo.
9 (RLIN) 99788
830 0# - PUNTO DE ACCESO ADICIONAL DE SERIE-TÍTULO UNIFORME
Título uniforme Lógica y teoría de la ciencia
9 (RLIN) 181546
852 ## - LOCALIZACIÓN
Ubicación ES-MaACL
Número de control de estantería A-10612
Sublocalización o colección R.99882
Holdings
Estatus retirado Estado de pérdida Estado de daño No para préstamo Biblioteca de origen Biblioteca actual Ubicación en estantería Fecha de adquisición Fuente de adquisición Total de préstamos Signatura topográfica completa Código de barras Visto por última vez Precio de reemplazo Tipo de ítem Koha
        Biblioteca del Ateneo de Madrid Biblioteca del Ateneo de Madrid Depósito 1 17/01/2008     A-10612 1066718 23/02/2023 23/02/2023 Libro impreso